000 00678nas a2200229 4500
001 BR8800649
003 BR-BrBNA
005 20231205091029.0
007 ta
008 230509b bl.|||p| |||| 00| 00por d
040 _aBR-BrBNA
_bpor
_cBiblioteca Nacional de Agricultura
041 _a(Pt)
072 _aP34
100 1 _aCasagrande, L.I.T.
245 1 _aMicorriza vesicular-arbuscular em Banisteria schizoptera Juss
650 _aMALPIGHIACEAE
650 _aMICORRIZA
650 _aCERRADO
773 0 _tRevista de Agricultura (Brazil)
_xISSN 0034-7655
_g(Sep 1987), v. 62(2) p. 149-155
_wBR8800649
909 _a202311
_bLúcia
_c55
_dLúcia Elande
942 _2AGRIS
_n0
_cANA
999 _c122334
_d122334